| 000 | 00589nam a2200205Ia 4500 | ||
|---|---|---|---|
| 005 | 20250508165703.0 | ||
| 008 | 008 250505s9999 xx 000 0 eng d | ||
| 037 | _aTextual | ||
| 040 |
_aFEDL _beng _cFEDL |
||
| 041 |
_aeng _2eng |
||
| 084 |
_a591.1, SCH _qFEDL |
||
| 100 |
_aSchmidt-Nielsen Knut _9781623 |
||
| 245 | 0 | _aAnimal physiology : adaptation and environment | |
| 250 | _a4 | ||
| 260 |
_aNew Delhi, India _bCambridge University Press _c1994 |
||
| 300 | _axii,602p. | ||
| 365 |
_aPrice varies _b225 |
||
| 942 |
_cTEXL _h591.1, SCH |
||
| 999 |
_c1396755 _d1396755 |
||